57 a housewife looks at Heinz
Đã lưu trong:
| 主要作者: | |
|---|---|
| 格式: | 圖書 |
| 語言: | Undetermined |
| 出版: |
London
H. J. Heinz Co, LTD
|
| 主題: | |
| 標簽: |
添加標簽
沒有標簽, 成為第一個標記此記錄!
|
| Thư viện lưu trữ: | Trung tâm Học liệu Trường Đại học Cần Thơ |
|---|
| LEADER | 00472nam a2200181Ia 4500 | ||
|---|---|---|---|
| 001 | CTU_77442 | ||
| 008 | 210402s9999 xx 000 0 und d | ||
| 082 | |a 664.805 | ||
| 082 | |b H842 | ||
| 100 | |a Heinz, H. J. | ||
| 245 | 0 | |a 57 a housewife looks at Heinz | |
| 245 | 0 | |c H. J. Heinz | |
| 260 | |a London | ||
| 260 | |b H. J. Heinz Co, LTD | ||
| 650 | |a Vegetables | ||
| 650 | |x Process | ||
| 904 | |i Trọng Hải | ||
| 980 | |a Trung tâm Học liệu Trường Đại học Cần Thơ | ||